00906 a2200181 4500003000500000005001700005010001600022020001700038040000900055082001800064100001900082245007600101260003100177300003400208505040700242650004700649650002800696Nust20230119155005.0 a 83021590 a0471887617 : cNust00a660.28072,DAV1 aDavis, Mark E.10aNumerical methods and modeling for chemical engineers /cMark E. Davis. aNew York :bWiley,cc1984. axii, 258 p. :bill. ;c24 cm. aInitial-Value Problems for Ordinary Differential Equations (Page-1), Boundary Value Problems for Ordinary Differential Equations Discrete Variable Methods (Page-53), Boundary- Value Problems for Ordinary Differential Equations Finite Variable Methods (Page-97), Parabolic Partial Differential Equations in one Space Variable (Page-127), Partial Differential Equations in two Space Variables (Page-177). 0aChemical engineeringxMathematical models. 0aDifferential equations.